Visualizzazione normale
Vista MARC
- Pasolini Pier Paolo
di Personal Name
Records bibliografici associati: 1
001 - CONTROL NUMBER
- control field: 46356
003 - CONTROL NUMBER IDENTIFIER
- control field: IT-RoPau
005 - DATE AND TIME OF LATEST TRANSACTION
- control field: 20151130145439.0
008 - FIXED-LENGTH DATA ELEMENTS
- fixed length control field: 151130|| aca||aabn | a|a d
040 ## - CATALOGING SOURCE
- Original cataloging agency: IT-RoPau
- Transcribing agency: IT-RoPau
100 ## - HEADING--PERSONAL NAME
- Personal name: Pasolini Pier Paolo
- Relator term: (soggetto)
- Miscellaneous information: Codice Soggetto SPICS: 2843
670 ## - SOURCE DATA FOUND
- Source citation: Work cat.: (IT-RoPau)106340: Pasolini Pier Paolo Codice regista SPICS: 2843 37065, MEDEA MEDEA (Rif. Codice opera principale : V0819)